000 01973nab a2200229 i 4500
001 768714001
003 CO-MdFUSB
005 20240520081106.0
008 240520t1972 sp ||||| |||| 00| 0 spa d
040 _bspa
_cCO-MdFUSB
_dCO-MdFUSB
041 _aspa
100 _aSchnackenburg, Rudolf,
_eautor
245 3 _aLa colaboración de la comunidad, por el consentimiento y la elección, según el Nuevo Testamento
_c/ Rudolf Schnackenburg ; traducido por M. Gesteira
520 _aAl pretender buscar en el Nuevo Testamento una orientación sobre el urgente problema de cómo los laicos, en cuanto sector fundamental del pueblo de Dios, han de participar en las decisiones y en la responsabilidad general de la Iglesia, es preciso comenzar señalando las características especiales que definen el período fundacional de la Iglesia. Los apóstoles, heraldos del evangelio, que habían recibido directamente su autoridad del Señor resucitado y que, a través de su predicación, fueron los primeros fundadores de las comunidades, ocuparon una posición excepcional en las iglesias debido a su vocación. Sin embargo, a causa de su actividad misionera, no se establecieron de forma sedentaria en una determinada comunidad local, de manera que pudiesen ejercitar en ella funciones de gobierno semejantes a las que ejercieron posteriormente los jefes de las iglesias locales. La mayor parte de las veces, las jóvenes comunidades misioneras tuvieron que configurar por sí mismas su existencia, creándose para ello sus propias estructuras.
630 0 7 _aBiblia.
_pNuevo Testamento
650 0 _aHistoria de la Iglesia
_9153
650 7 _aHistoria
_xAspectos religiosos
_xCristianismo
_97036
700 _a Gesteira, M.,
773 0 _049450
_982645
_oR2567
_tRevista internacional de teología Concilium
_w(CO-MdFUSB)8
_x0210-1041
_gNúmero 77, (julio - agosto, 1972), páginas: 18 - 30
_qpágina: 18
942 _cANA
945 _aCatherine Arias Alvarez - Practicante SENA
999 _c69778
_d69778